| 000 | 00000nam##2200000za#4500 |
| 001 | 9.643115 |
| 003 | CaOODSP |
| 005 | 20210624224023 |
| 007 | cr ||||||||||| |
| 008 | 150407|2001||||xxc|||||o f|0| 0 fre|d |
| 040 | |aCaOODSP|bfre |
| 043 | |an-cn--- |
| 086 | 1 |aEn14-163/2001F-PDF |
| 110 | 1 |aCanada. |bEnvironnement Canada. |
| 245 | 10|aEnvironnement Canada conseils d'application - questions et réponses concernant le Règlement sur le soufre dans l'essence |h[ressource électronique] |
| 260 | |aOttawa - Ontario : |bEnvironnement Canada |cJuin 2001. |
| 300 | |a44p. |
| 590 | |a14-21-Supp|b2014-12-11 |
| 691 | 07|aDroit de l'environnement|2gcpds |
| 691 | 07|aGazoline|2gcpds |
| 775 | 08|tEnvironment Canada guidance document - questions and answers on the federal Sulphur in Gasoline Regulations |w(CaOODSP)9.699069 |
| 856 | 40|ahttp://publications.gc.ca|qPDF|s120 Ko|uhttps://publications.gc.ca/collections/collection_2014/ec/En14-163-2001-fra.pdf |